Phát triển xe buýt nhanh BRT1 tại Biên Hòa - Đồng Nai Evaluating the usability of BRT1 operations in Bien Hoa - Dong Nai

Saved in:
Bibliographic Details
Main Author: Nguyễn, Thành Chung
Format: Book
Language:Undetermined
Subjects:
Online Access:http://lrc.tdmu.edu.vn/opac/search/detail.asp?aID=2&ID=35403
Tags: Add Tag
No Tags, Be the first to tag this record!
Institutions: Trung tâm Học liệu Trường Đại học Thủ Dầu Một
LEADER 00718nam a2200157Ia 4500
001 TDMU_35403
008 210410s9999 xx 000 0 und d
082 |a 345.59771 
100 |a Nguyễn, Thành Chung 
245 0 |a Phát triển xe buýt nhanh BRT1 tại Biên Hòa - Đồng Nai 
245 0 |b Evaluating the usability of BRT1 operations in Bien Hoa - Dong Nai 
245 0 |c Nguyễn Thành Chung, Trịnh Văn Chính 
300 |a Tr.22-26 
650 |a Chính trị - Xã hội; Biên Hòa; Đồng Nai; Xe buýt nhanh; Giao thông công công 
856 |u http://lrc.tdmu.edu.vn/opac/search/detail.asp?aID=2&ID=35403 
980 |a Trung tâm Học liệu Trường Đại học Thủ Dầu Một